Capitales sans les lettres de "Naypyidaw" - Statistiques

Statistiques générales
  • Ce quiz a été pris 9 fois
  • Le résultat moyen est 4 sur 9
Statistiques - réponses
Continents Capitales % Correct
Europe Bruxelles
57%
Europe Luxembourg
57%
Europe Oslo
57%
Europe Rome
57%
Amérique du Sud Sucre
57%
Europe Moscou
43%
Europe Stockholm
43%
Afrique Lomé
14%
Asie Séoul
14%
Aucun quiz correspondant
Distribution des résultats
% des personnes avec chaque résultat
Percentile par nombre de réponses
Votre historique - résultats
Vous n’avez pas pris ce quiz